Filmographie de Billy Wilder - Statistiques

Statistiques générales
  • Ce quiz a été pris 44 fois
  • Le résultat moyen est 13 sur 26
Statistiques - réponses
Hint Réponse % Correct
1959 Certains l'aiment chaud
97%
1960 La Garçonnière
83%
1950 Boulevard du crépuscule
80%
1944 Assurance sur la mort
77%
1945 Le Poison
70%
1955 Sept ans de réflexion
67%
1954 Sabrina
63%
1963 Irma la Douce
57%
1978 Fedora
53%
1953 Stalag 17
50%
1957 Témoin à charge
50%
1957 Ariane
47%
1964 Embrasse-moi, idiot
47%
1951 Le Gouffre aux chimères
47%
1972 Avanti!
43%
1970 La Vie privée de Sherlock Holmes
43%
1961 Un, deux, trois
43%
1948 La Scandaleuse de Berlin
40%
1966 La Grande Combine
37%
1957 L'Odyssée de Charles Lindbergh
23%
1934 Mauvaise Graine
23%
1974 Spéciale Première
23%
1942 Uniformes et jupons courts
23%
1981 Victor la gaffe
23%
1947 La Valse de l'empereur
20%
1943 Les Cinq Secrets du désert
20%
Aucun quiz correspondant
Distribution des résultats
% des personnes avec chaque résultat
Percentile par nombre de réponses
Votre historique - résultats
Vous n’avez pas pris ce quiz